Statistics for EURO 2020 squads pt. 2

Click here to take the quiz!

General Stats

  • This quiz has been taken 13 times
  • The average score is 151 of 310

Answer Stats

ClubPositionPlayer% Correct
Manchester United*GKDean Henderson
100%
EvertonFWDominic Calvert-Lewin
100%
Tottenham HotspurFWHarry Kane
100%
Manchester UnitedDFHarry Maguire
100%
Aston VillaMFJack Grealish
100%
Manchester CityDFJohn Stones
100%
LiverpoolMFJordan Henderson
100%
EvertonGKJordan Pickford
100%
Borussia DortmundMFJude Bellingham
100%
Atlético MadridDFKieran Trippier
100%
Manchester CityDFKyle Walker
100%
Manchester UnitedFWMarcus Rashford
100%
Real SociedadFWAlexander Isak
91%
Eintracht FrankfurtFWAndré Silva
91%
Manchester CityMFBernardo Silva
91%
Manchester UnitedMFBruno Fernandes
91%
Manchester UnitedGKDavid de Gea
91%
West Ham UnitedMFDeclan Rice
91%
LiverpoolFWDiogo Jota
91%
Dinamo ZagrebGKDominik Livaković
91%
MarseilleDFDuje Ćaleta-Car
91%
Tottenham HotspurGKHugo Lloris
91%
Manchester CityMFİlkay Gündoğan
91%
Bayern MunichMFJoshua Kimmich
91%
Paris Saint-GermainFWKylian Mbappé
91%
Real MadridMFLuka Modrić
91%
West Ham UnitedGKŁukasz Fabiański
91%
Manchester UnitedDFLuke Shaw
91%
Bayern MunichGKManuel Neuer
91%
InternazionaleMFMarcelo Brozović
91%
Real SociedadFWMikel Oyarzabal
91%
ChelseaMFN'Golo Kanté
91%
BarcelonaFWOusmane Dembélé
91%
Bayer LeverkusenFWPatrik Schick
91%
Manchester UnitedMFPaul Pogba
91%
BarcelonaFWPedri
91%
Manchester CityMFPhil Foden
91%
NapoliMFPiotr Zieliński
91%
BenficaFWRafa Silva
91%
Manchester CityFWRaheem Sterling
91%
Bayern MunichFWRobert Lewandowski
91%
Manchester CityMFRodri
91%
Wolverhampton WanderersGKRui Patrício
91%
GranadaGKRui Silva
91%
MarseilleGKSteve Mandanda
91%
Real MadridMFToni Kroos
91%
Athletic BilbaoGKUnai Simón
91%
Manchester UnitedDFVictor Lindelöf
91%
Sheffield United**GKAaron Ramsdale
82%
JuventusFWÁlvaro Morata
82%
LiverpoolDFAndy Robertson
82%
BarcelonaFWAntoine Griezmann
82%
ChelseaDFAntonio Rüdiger
82%
Bayern MunichDFBenjamin Pavard
82%
ArsenalGKBernd Leno
82%
ChelseaDFCésar Azpilicueta
82%
JuventusFWCristiano Ronaldo
82%
JuventusMFDejan Kulusevski
82%
Leeds UnitedDFDiego Llorente
82%
BeşiktaşDFDomagoj Vida
82%
VillarealFWGerard Moreno
82%
InternazionaleMFIvan Perišić
82%
Borussia DortmundMFJadon Sancho
82%
Aston VillaMFJohn McGinn
82%
ValenciaDFJosé Gayà
82%
SevillaDFJules Koundé
82%
ChelseaFWKai Havertz
82%
Real MadridFWKarim Benzema
82%
Eintracht FrankfurtGKKevin Trapp
82%
ArsenalDFKieran Tierney
82%
Atlético MadridMFKoke
82%
Bayern MunichMFLeroy Sané
82%
Atlético MadridMFMarcos Llorente
82%
ChelseaMFMason Mount
82%
ChelseaMFMateo Kovačić
82%
Borussia DortmundDFMats Hummels
82%
Borussia MönchengladbachDFMatthias Ginter
82%
Bayern MunichDFNiklas Süle
82%
Paris Saint-GermainDFPresnel Kimpembe
82%
Real MadridDFRaphaël Varane
82%
ChelseaDFReece James
82%
Manchester UnitedMFScott McTominay
82%
Bayern MunichMFSerge Gnabry
82%
BarcelonaMFSergio Busquets
82%
LiverpoolMFThiago
82%
Atlético MadridMFThomas Lemar
82%
West Ham UnitedMFTomáš Souček
82%
Aston VillaDFTyrone Mings
82%
RB LeipzigDFWilli Orbán
82%
1899 HoffenheimFWAndrej Kramarić
73%
LyonGKAnthony Lopes
73%
Manchester CityDFAymeric Laporte
73%
ChelseaDFBen Chilwell
73%
ArsenalMFBukayo Saka
73%
Wolverhampton WanderersDFConor Coady
73%
Bayern MunichMFCorentin Tolisso
73%
RB LeipzigMFDani Olmo
73%
RB LeipzigMFEmil Forsberg
73%
NapoliMFFabián Ruiz
73%
ValenciaMFGonçalo Guedes
73%
BarcelonaDFJordi Alba
73%
LilleDFJosé Fonte
73%
Bayern MunichMFLeon Goretzka
73%
Bayern MunichDFLucas Hernandez
73%
Borussia MönchengladbachFWMarcus Thuram
73%
Newcastle UnitedGKMartin Dúbravka
73%
Leeds UnitedMFMateusz Klich
73%
LilleGKMike Maignan
73%
InternazionaleDFMilan Škriniar
73%
ChelseaFWOlivier Giroud
73%
RB LeipzigGKPéter Gulácsi
73%
Borussia DortmundDFRaphaël Guerreiro
73%
Brighton & Hove AlbionGKRobert Sánchez
73%
AtalantaDFRobin Gosens
73%
Manchester CityDFRúben Dias
73%
Bayern MunichFWThomas Müller
73%
JuventusGKWojciech Szczęsny
73%
JuventusMFAdrien Rabiot
64%
MilanFWAnte Rebić
64%
BarcelonaDFClément Lenglet
64%
Manchester CityDFEric García
64%
Manchester CityMFFerran Torres
64%
Lokomotiv MoscowMFGrzegorz Krychowiak
64%
Atlético MadridFWJoão Félix
64%
Wolverhampton WanderersMFJoão Moutinho
64%
Leeds UnitedMFKalvin Phillips
64%
MonacoFWKevin Volland
64%
Bayern MunichMFKingsley Coman
64%
EvertonDFLucas Digne
64%
RB LeipzigDFLukas Klostermann
64%
IFK GöteborgMFMarek Hamšík
64%
Tottenham HotspurMFMoussa Sissoko
64%
Wolverhampton WanderersDFNélson Semedo
64%
Paris Saint-GermainMFPablo Sarabia
64%
VillarealDFPau Torres
64%
PortoDFPepe
64%
LilleMFRenato Sanches
64%
EvertonGKRobin Olsen
64%
Wolverhampton WanderersMFRúben Neves
64%
Atlético MadridDFŠime Vrsaljko
64%
NapoliMFStanislav Lobotka
64%
ChelseaFWTimo Werner
64%
West Ham UnitedDFVladimír Coufal
64%
MonacoFWWissam Ben Yedder
64%
Wolverhampton WanderersMFAdama Traoré
55%
Mainz 05FWÁdám Szalai
55%
FenerbahçeDFAttila Szalai
55%
ChelseaMFBilly Gilmour
55%
SouthamptonFWChé Adams
55%
Paris Saint-GermainMFDanilo Pereira
55%
Zenit Saint PetersburgDFDejan Lovren
55%
Borussia DortmundDFEmre Can
55%
SouthamptonDFJan Bednarek
55%
BeneventoDFKamil Glik
55%
AtalantaMFMario Pašalić
55%
Dinamo ZagrebMFMislav Oršić
55%
West Bromwich AlbionGKSam Johnstone
55%
Real BetisMFWilliam Carvalho
55%
Spartak MoscowMFAlex Král
45%
Dinamo ZagrebFWBruno Petković
45%
CelticMFCallum McGregor
45%
SC FreiburgDFChristian Günter
45%
MilanDFDiogo Dalot
45%
Bayern MunichMFJamal Musiala
45%
PAOKFWKarol Świderski
45%
ChelseaDFKurt Zouma
45%
Werder BremenDFLudwig Augustinsson
45%
SC FreiburgFWRoland Sallai
45%
SevillaGKTomáš Vaclík
45%
Brighton & Hove AlbionDFBen White
36%
RangersDFBorna Barišić
36%
Heart of MidlothianGKCraig Gordon
36%
Derby CountyGKDavid Marshall
36%
MotherwellDFDeclan Gallagher
36%
Newcastle UnitedDFEmil Krafth
36%
Brighton & Hove AlbionMFJakub Moder
36%
PAKSFWJános Hahn
36%
Borussia MönchengladbachMFJonas Hofmann
36%
Legia WarsawDFJosip Juranović
36%
Dinamo ZagrebDFJoško Gvardiol
36%
Derby CountyMFKamil Jóźwiak
36%
TorinoMFKarol Linetty
36%
KrasnodarMFKristoffer Olsson
36%
Lokomotiv MoscowDFMaciej Rybus
36%
RB LeipzigDFMarcel Halstenberg
36%
KrasnodarFWMarcus Berg
36%
BurnleyFWMatěj Vydra
36%
Sporting CPDFNuno Mendes
36%
1899 HoffenheimDFPavel Kadeřábek
36%
Norwich CityMFPrzemysław Płacheta
36%
Leeds UnitedDFRobin Koch
36%
OsasunaFWAnte Budimir
27%
SampdoriaDFBartosz Bereszyński
27%
Fortuna DüsseldorfFWDawid Kownacki
27%
Borussia MönchengladbachMFFlorian Neuhaus
27%
Norwich CityDFGrant Hanley
27%
CelticDFGreg Taylor
27%
OostendeDFJack Hendry
27%
Sporting CPMFJoão Palhinha
27%
VfL WolfsburgFWJosip Brekalo
27%
Pogoń SzczecinMFKacper Kozłowski
27%
Leeds UnitedDFLiam Cooper
27%
BolognaGKŁukasz Skorupski
27%
GenoaMFMilan Badelj
27%
CSKA MoscowMFNikola Vlašić
27%
1. FC KölnMFOndrej Duda
27%
BrentfordDFPontus Jansson
27%
SouthamptonMFStuart Armstrong
27%
Bristol CityDFTomáš Kalas
27%
Hertha BSCMFVladimír Darida
27%
Sparta PragueFWAdam Hložek
18%
Bristol CityMFÁdám Nagy
18%
SampdoriaMFAlbin Ekdal
18%
Dunajská StredaMFAndrás Schäfer
18%
Helsingborgs IFDFAndreas Granqvist
18%
Hellas VeronaMFAntonín Barák
18%
FehérvárDFAttila Fiola
18%
Sparta PragueDFDávid Hancko
18%
LilleDFDomagoj Bradarić
18%
RangersDFFilip Helander
18%
SampdoriaMFJakub Jankto
18%
CelticMFJames Forrest
18%
Sheffield UnitedMFJohn Fleck
18%
RangersGKJon McLaughlin
18%
Spartak MoscowFWJordan Larsson
18%
ParmaMFJuraj Kucka
18%
WatfordMFKen Sema
18%
HibernianFWKevin Nisbet
18%
Hajduk SplitGKLovre Kalinić
18%
Queens Park RangersFWLyndon Dykes
18%
FulhamGKMarek Rodák
18%
BolognaMFMattias Svanberg
18%
BarnsleyDFMichał Helik
18%
AIK FotbolDFMikael Lustig
18%
Sporting CPMFPedro Gonçalves
18%
Hertha BSCDFPeter Pekarík
18%
FerencvárosFWRóbert Mak
18%
Mainz 05MFRobin Quaison
18%
CelticMFRyan Christie
18%
Newcastle UnitedMFRyan Fraser
18%
Nottingham ForestDFScott McKenna
18%
AIK FotbolMFSebastian Larsson
18%
Luton TownGKSimon Sluga
18%
MotherwellDFStephen O'Donnell
18%
Slavia PragueDFTomáš Holeš
18%
FC AugsburgGKTomáš Koubek
18%
Dynamo KyivDFTomasz Kędziora
18%
KrasnodarMFViktor Claesson
18%
Slovan BratislavaMFVladimír Weiss
18%
OmoniaDFÁdám Lang
9%
Philadelphia UnionMFDániel Gazdag
9%
Slavia PragueDFDavid Zima
9%
Lechia GdańskGKDušan Kuciak
9%
FerencvárosDFGergő Lovrencsics
9%
Guangzhou CityMFGustav Svensson
9%
Piast GliwiceFWJakub Świerczok
9%
Raków CzęstochowaDFKamil Piątkowski
9%
CopenhagenGKKarl-Johan Johnsson
9%
KasımpaşaMFKevin Varga
9%
OsijekMFLászló Kleinheisler
9%
LyonDFLéo Dubois
9%
FehérvárDFLoïc Négo
9%
Lech PoznańDFĽubomír Šatka
9%
Slavia PragueMFLukáš Masopust
9%
Dalian ProfessionalDFMarcus Danielson
9%
MallorcaDFMartin Valjent
9%
RangersDFNathan Patterson
9%
GenkMFPatrik Hrošovský
9%
Hellas VeronaMFPaweł Dawidowicz
9%
Chicago Fire FCMFPrzemysław Frankowski
9%
MTK BudapestMFRoland Varga
9%
OmoniaDFTomáš Hubočan
9%
Legia WarsawFWTomáš Pekhart
9%
Lech PoznańDFTymoteusz Puchacz
9%
FerencvárosGKÁdám Bogdán
0%
LuganoDFÁkos Kecskés
0%
Sigma OlomoucGKAleš Mandous
0%
BresciaDFAleš Matějů
0%
FehérvárDFBendegúz Bolla
0%
FerencvárosMFDávid Sigér
0%
CelticMFDavid Turnball
0%
FerencvárosGKDénes Dibusz
0%
HuescaDFDenis Vavro
0%
FerencvárosDFEndre Botka
0%
PartizanFWFilip Holender
0%
JablonecFWIvan Schranz
0%
Viktoria PlzeňDFJakub Brabec
0%
Slavia PragueMFJakub Hromada
0%
Slovan LiberecMFJakub Pešek
0%
Slavia PragueDFJan Bořil
0%
Minnesota United FCMFJán Greguš
0%
MidtjyllandMFJens Cajuste
0%
GençlerbirliğiGKKristoffer Nordfeldt
0%
FC AugsburgMFLászló Bénes
0%
Dinamo ZagrebMFLuka Ivanušec
0%
SassuoloMFLukáš Haraslín
0%
Slovan LiberecDFMartin Koscelník
0%
PAOKFWMichael Krmenčík
0%
OmoniaFWMichal Ďuriš
0%
Slovan LiberecMFMichal Sadílek
0%
OsijekDFMile Škorić
0%
FehérvárFWNemanja Nikolić
0%
Sparta PragueDFOndřej Čelůstka
0%
Slavia PragueMFPetr Ševčík
0%
VejleDFPierre Bengtsson
0%
FeyenoordFWRóbert Boženík
0%
PortoMFSérgio Oliveira
0%
FC DallasFWSzabolcs Schön
0%
MezőkövesdiMFTamás Cseri
0%
GroningenMFTomáš Suslov
0%

Score Distribution

Percentile by Number Answered

Percent of People with Each Score

Your Score History

You have not taken this quiz